Number theory and analysis
Αποθηκεύτηκε σε:
| Συγγραφή απο Οργανισμό/Αρχή: | |
|---|---|
| Μορφή: | Βιβλίο |
| Γλώσσα: | English |
| Δημοσίευση: |
Providence, R.I. :
American Mathematical Society,
1962
|
| Σειρά: | Translations Series 1 ;
; 2 |
| Θέματα: | |
| Ετικέτες: |
Προσθήκη ετικέτας
Δεν υπάρχουν, Καταχωρήστε ετικέτα πρώτοι!
|
MARC
| LEADER | 00000cam a2200000 i 4500 | ||
|---|---|---|---|
| 001 | 1/97023 | ||
| 008 | 081111s1962 eng d | ||
| 035 | |l 10101559 | ||
| 040 | |a GR-MY-UA |b gre |e aacr | ||
| 041 | 0 | |a eng | |
| 082 | 0 | |a 512.7 |2 (22) | |
| 245 | 1 | 0 | |a Number theory and analysis |
| 260 | |a Providence, R.I. : |b American Mathematical Society, |c 1962 | ||
| 300 | |a 532 σ.; |c 24 εκ. | ||
| 490 | 1 | |a Translations Series 1 |v ; 2 | |
| 650 | 0 | 0 | |a Number theory. |
| 650 | 0 | 0 | |a Mathematical analysis. |
| 710 | 2 | |a American Mathematical Society. | |
| 830 | 0 | |a Translations Series 1 ; |v ; 2 | |
| 852 | |a INST |b SAMOS |c MAG |e 20081111 |h 512.7 NUM |p 005300029663 |q 005300029663 |t BK |y 0 | ||
| 901 | |a BIBL3-2008-3 | ||
| 909 | |a Σ |b 155316 | ||
| 970 | |a ΡΟΥΣΣΟΥ |b ΚΩΝΣΤΑΝΤΙΝΑ |z 2008/11/11 | ||